| 000 | 00623nam a22001817a 4500 | ||
|---|---|---|---|
| 005 | 20251108170856.0 | ||
| 008 | 250721s1996 xx 000 0 ara d | ||
| 082 | 1 | 4 | _aم/342/عبد |
| 100 | 1 | _aمراد، عبد الفتاح | |
| 245 | 1 | 0 |
_aالمسئولية التأديبية للقضاة و أعضاء النيابية : _bشرح تفصيلي مقارن للمسئولية ... / |
| 264 | 1 |
_aالإسكندرية : _bالمؤلف، _c1996. |
|
| 300 | _a1812ص | ||
| 500 | _aرسالة دكتوراة | ||
| 650 | 1 | 7 | _aالقانون الإداري |
| 650 | 1 | 7 | _aالقضاة |
| 942 |
_2ddc _cREF |
||
| 999 |
_c51070 _d51070 |
||